| 000 | 00680nam a22002297a 4500 | ||
|---|---|---|---|
| 003 | BD-DhUL | ||
| 005 | 20160918171512.0 | ||
| 007 | BD-DhUL | ||
| 008 | 160128s2000 bg ||||| |||| 00| 0 ben | ||
| 010 | _aBD-DhUL | ||
| 020 | _a9844015820 | ||
| 040 |
_aBD-DhUL _cBD-DhUL |
||
| 082 | 0 |
_a954.92 _bKAR |
|
| 100 | 1 | _aকায়সার, আবু | |
| 245 | 1 | 0 |
_aরক্তঝরা একাত্তর / _cআবু কায়সার |
| 250 | _a১ম প্রকাশ | ||
| 260 |
_aঢাকা : _bআগামী, _c২০০০ |
||
| 300 |
_a৮৮ পৃ. ; _c২১ সেমি. |
||
| 365 |
_aBDT _b60 |
||
| 651 | 0 |
_aBangladesh _xHistory |
|
| 942 |
_2ddc _cBK |
||
| 999 |
_c104961 _d104961 |
||